Sports Quiz

Random Sports or Numbers Quiz

NFL Player Jersey Sales 2009 Quiz Stats

 Plays Quiz not verified by Sporcle

Challenge
Share
Tweet
Embed
Score 0/15 Timer 03:00
0 Plays Today
Rank Player % Correct
3Peyton Manning
98.6%
1Brett Favre
97.5%
8Eli Manning
97.2%
7Tom Brady
89.7%
5Adrian Peterson
80.2%
2Drew Brees
75.4%
6Tony Romo
63.1%
4Troy Polamalu
58.7%
Rank Player % Correct
11Ben Roethlisberger
56.4%
13Mark Sanchez
55.3%
12Aaron Rodgers
47.2%
10Reggie Bush
41.9%
14Larry Fitzgerald
36%
15Desean Jackson
30.4%
9Jason Witten
22.3%

You're not logged in!

Compare scores with friends on all Sporcle quizzes.
Join for Free
OR
Log In

You Might Also Like...

Show Comments

Extras

Top Quizzes Today


Score Distribution

Your Account Isn't Verified!

In order to create a playlist on Sporcle, you need to verify the email address you used during registration. Go to your Sporcle Settings to finish the process.

Report this User

Report this user for behavior that violates our Community Guidelines.

Details: